000 01184nam a2200313 a 4500
001 vtls001618755
003 NLI
005 20210628133912.0
008 121214s1949 ii 000 hin
020 _cRs. 1.25
039 9 _y201212141931
_zVLOAD
040 _aNLI
_bhineng
_cDatasoft_Hindi
_eAACR2
041 0 _ahin
044 _a ii
084 0 4 _a181
100 1 _6880-01
_aशर्मा, प्रभुनारायण
_q(सह्रदय)
_9679478
245 1 0 _6880-02
_aआधुनिक कवि ह्र्दय /
_cप्रभुनारायण शर्मा
260 _aआगरा :
_bविनोद पुस्तक मन्दिर,
_c1949
300 _a74 p. ;
_c18 cm.
650 0 _aHindi literature
_xHistory and Criticism
_9691306
880 1 0 _6245-02(B
_aĀdhunika kavi hṛdaya /
_cPrabhunārāyaṇa Śarmā
880 1 _6100-01(B
_aŚarmā, Prabhunārāyaṇa
_q(Sahṛdaya)
887 _a Ashraf Hussian(Shagufta Jabeen)
901 _aOHI556
_b26.02.1953
902 _a181 OC 95.32
904 _cAshraf Hussian(Shagufta Jabeen)
_lO 3936
949 _AVIRTUAITEM
_D10000
_X100
_6OHI000000556HIN
942 _2ddc
_cBKS
999 _aVIRTUA40
_c1069076
_d1069076